Statistics for Extreme Countries with or without Glaciers

Click here to take the quiz!

General Stats

  • This quiz has been taken 37 times
  • The average score is 6 of 13

Answer Stats

Country % Correct
Brazil
87%
Colombia
57%
Iceland
57%
Uganda
53%
Finland
53%
Brazil
50%
India
50%
Ecuador
50%
Kenya
50%
Namibia
40%
Montenegro
30%
Sweden
30%
DR Congo
17%

Score Distribution

Percentile by Number Answered

Percent of People with Each Score

Your Score History

You have not taken this quiz